|
|
|
|
| LEADER |
01710nam a22003614a 4500 |
| 001 |
37394 |
| 003 |
BD-DhAAL |
| 005 |
20211207131824.0 |
| 008 |
0402 s2012 nyuab b 001 0 eng d |
| 999 |
|
|
|c 41995
|d 41995
|
| 020 |
|
|
|a 9780765624307
|
| 020 |
|
|
|a 9780765624291 (hardcover : alk. paper)
|
| 020 |
|
|
|a 076562429X (hardcover : alk. paper)
|
| 020 |
|
|
|a 6990215
|
| 040 |
|
|
|a DLC
|b eng
|c DLC
|d YDX
|d BTCTA
|d BDX
|d YDXCP
|d BWX
|d ITD
|d CDX
|d YUS
|d UKMGB
|d DLC
|d BD-DhAAL
|
| 050 |
0 |
0 |
|a HT241
|b .C357 2012
|
| 082 |
0 |
0 |
|a 307.76
|2 23
|
| 100 |
1 |
|
|a Campbell, Heather E.,
|d 1961-
|9 40871
|
| 245 |
1 |
0 |
|a Urban environmental policy analysis /
|c by Heather E. Campbell and Elizabeth A. Corley.
|
| 260 |
|
|
|a Armonk, N.Y. :
|b M.E. Sharpe,
|c c2012.
|
| 300 |
|
|
|a xix, 309 p. :
|b ill. (some col.), maps (some col.) ;
|c 24 cm.
|
| 504 |
|
|
|a Includes bibliographical references and index.
|
| 526 |
|
|
|a ESS
|
| 541 |
|
|
|a Hye Trade International
|e 37394, 37395
|
| 650 |
|
0 |
|a Urban ecology (Sociology)
|9 40872
|
| 650 |
|
0 |
|a Environmental policy.
|9 40873
|
| 650 |
|
0 |
|a City planning
|x Environmental aspects.
|9 40874
|
| 650 |
|
0 |
|a Economics.
|9 43547
|
| 700 |
1 |
|
|a Corley, Elizabeth A.,
|d 1972-
|9 40875
|
| 852 |
|
|
|a Ayesha Abed Library
|c General stacks
|
| 942 |
|
|
|2 ddc
|c BK
|
| 952 |
|
|
|0 0
|1 0
|2 ddc
|4 0
|6 307_760000000000000_CAM
|7 0
|9 69159
|a BRACUL
|b BRACUL
|c GEN
|d 2020-12-08
|e Hye Trade International
|g 2988.00
|l 1
|o 307.76 CAM
|p 3010037395
|r 2025-09-11
|s 2025-09-04
|t 2
|v 2988.00
|w 2020-12-08
|y BK
|x Received during COVID-19 pandemic
|
| 952 |
|
|
|0 0
|1 0
|2 ddc
|4 0
|6 307_760000000000000_CAM
|7 0
|9 69160
|a BRACUL
|b BRACUL
|c GEN
|d 2020-12-08
|e Hye Trade International
|g 2988.00
|l 0
|o 307.76 CAM
|p 3010037394
|r 2020-12-08
|t 1
|v 2988.00
|w 2020-12-08
|y BK
|x Received during COVID-19 pandemic
|